[Event "Bremen Silvester op"]
[Site "Bremen"]
[Date "2018.12.30"]
[Round "7"]
[White "Grigorian, Spartak"]
[Black "Hedke, Fred"]
[Result "1-0"]
[WhiteElo "2346"]
[BlackElo "2243"]
[PlyCount "91"]
[EventDate "2018.12.27"]
[EventType "swiss"]
[EventRounds "7"]
[EventCountry "GER"]
[SourceTitle "CBM 188 Extra"]
[Source "ChessBase"]
[SourceDate "2019.02.26"]
[SourceVersion "1"]
[SourceVersionDate "2019.02.26"]
[SourceQuality "1"]

1. d4 Nf6 2. c4 e6 3. g3 d5 4. Bg2 g6 5. Nf3 Bg7 6. 0-0 0-0 7. Nc3 b6 8. Ne5 Bb7 9. Bg5 h6 10. Bxf6 Bxf6 11. cxd5 exd5 12. f4 Na6 13. e4 c6 14. exd5 cxd5 15. Qb3 Nc7 16. a4 Rb8 17. Rfd1 Kg7 18. Nb5 a6 19. Nxc7 Qxc7 20. Rdc1 Qd6 21. Bh3 Bxe5 22. fxe5 Qd8 23. Rc3 b5 24. axb5 axb5 25. Rc5 b4 26. Qxb4 Ba6 27. Qd2 Qb6 28. Rxd5 Bc4 29. Rc5 Bb3 30. Rf1 Rbd8 31. Qc3 Bd5 32. Bg2 Be6 33. b4 Kg8 34. Rf6 Qa7 35. h4 Rd7 36. h5 Rfd8 37. hxg6 Rxd4 38. gxf7+ Bxf7 39. e6 Be8 40. Qe3 Qa1+ 41. Rf1 Rd1 42. Qxh6 Rxf1+ 43. Bxf1 Qd4+ 44. Kh2 Rd5 45. Rc8 Rd8 46. Qg5+ 1-0

[Event "Bayern-chI Bank Hofmann 21st"]
[Site "Tegernsee"]
[Date "2017.11.04"]
[Round "8"]
[White "Zhao, Shengxin"]
[Black "Hedke, Fred"]
[Result "1/2-1/2"]
[WhiteElo "2113"]
[BlackElo "2265"]
[PlyCount "44"]
[EventDate "2017.10.28"]
[EventType "swiss"]
[EventRounds "9"]
[EventCountry "GER"]
[SourceTitle "CBM 181 Extra"]
[Source "ChessBase"]
[SourceDate "2017.12.12"]
[SourceVersion "1"]
[SourceVersionDate "2017.12.12"]
[SourceQuality "1"]

1. d4 Nf6 2. c4 e6 3. g3 d5 4. Bg2 g6 5. Nf3 Bg7 6. 0-0 0-0 7. Nc3 c6 8. Qd3 Nbd7 9. e4 dxe4 10. Nxe4 Nxe4 11. Qxe4 e5 12. dxe5 Re8 13. Bf4 Qa5 14. a3 Nf8 15. Bd2 Qa4 16. Rac1 Bf5 17. Qh4 Nd7 18. Bh6 Nxe5 19. Bxg7 Nxf3+ 20. Bxf3 Kxg7 21. Qd4+ Kg8 22. Qc3 Rad8 1/2-1/2

[Event "Bayern-chI Bank Hofmann 21st"]
[Site "Tegernsee"]
[Date "2017.10.31"]
[Round "4"]
[White "Baldauf, Marco"]
[Black "Hedke, Fred"]
[Result "0-1"]
[WhiteElo "2483"]
[BlackElo "2265"]
[PlyCount "56"]
[EventDate "2017.10.28"]
[EventType "swiss"]
[EventRounds "9"]
[EventCountry "GER"]
[SourceTitle "CBM 181 Extra"]
[Source "ChessBase"]
[SourceDate "2017.12.12"]
[SourceVersion "1"]
[SourceVersionDate "2017.12.12"]
[SourceQuality "1"]

1. d4 Nf6 2. c4 e6 3. Nc3 d5 4. cxd5 exd5 5. Bg5 Be7 6. e3 0-0 7. Bd3 h6 8. Bh4 b6 9. Nge2 Bb7 10. 0-0 Nbd7 11. Rc1 a6 12. Qc2 Re8 13. Rfd1 Nf8 14. h3 g6 15. Bg3 Bd6 16. Bxd6 Qxd6 17. Nf4 Rac8 18. Be2 Kg7 19. Qb3 Re7 20. Na4 Rd8 21. Nc5 bxc5 22. Qxb7 c4 23. Qa7 Ne4 24. b3 c5 25. dxc5 Nxc5 26. Rxd5 Rxa7 27. Rxd6 Rxd6 28. Rxc4 Nfe6 0-1

[Event "Oberliga Nord W 1516"]
[Site "Germany"]
[Date "2016.01.31"]
[Round "6.4"]
[White "Hedke, Fred"]
[Black "Schulze, Torben"]
[Result "0-1"]
[WhiteElo "2237"]
[BlackElo "2294"]
[PlyCount "98"]
[EventDate "2015.09.20"]
[EventType "team-tourn"]
[EventRounds "9"]
[EventCountry "GER"]
[SourceTitle "EXT 2017"]
[Source "ChessBase"]
[SourceDate "2016.10.25"]
[SourceVersion "1"]
[SourceVersionDate "2016.10.25"]
[SourceQuality "1"]
[WhiteTeam "Delmenhorst"]
[BlackTeam "Hannover"]
[WhiteTeamCountry "GER"]
[BlackTeamCountry "GER"]

1. e4 e5 2. d4 Nc6 3. dxe5 Nxe5 4. Nf3 d6 5. Nc3 Nf6 6. Bf4 Ng6 7. Be3 Be7 8. h3 0-0 9. Be2 a6 10. a4 b6 11. 0-0 Bb7 12. Qd3 Re8 13. Nd5 h6 14. c4 Bf8 15. Nd2 Nd7 16. Qc2 a5 17. Rfe1 Nc5 18. Bf1 c6 19. Nc3 Qf6 20. g3 h5 21. Bg2 h4 22. Nf3 hxg3 23. fxg3 Ne5 24. Nd2 Qg6 25. Kh2 Bc8 26. Ne2 Qh7 27. Bg1 Re6 28. Nf3 Ng4+ 29. Kh1 Nxe4 30. Rac1 Rh6 31. h4 Bf5 32. Qb3 g5 33. Be3 gxh4 34. gxh4 Nxe3 35. Qxe3 Re8 36. Qf4 d5 37. Ned4 Bg6 38. cxd5 cxd5 39. Rc6 Rd8 40. Nb5 Be7 41. Kg1 Bc5+ 42. Nbd4 Rh5 43. Qc7 Rf8 44. Qd7 Qg7 45. Rd1 Kh8 46. Rc8 Rxc8 47. Qxc8+ Kh7 48. Qg4 Qf6 49. Kf1 Bxd4 0-1

[Event "Dortmund Sparkassen op-A"]
[Site "Dortmund"]
[Date "2015.06.27"]
[Round "1"]
[White "Biermann, Florian"]
[Black "Hedke, Fred"]
[Result "1/2-1/2"]
[WhiteElo "1759"]
[BlackElo "2248"]
[PlyCount "95"]
[EventDate "2015.06.27"]
[EventType "swiss"]
[EventRounds "9"]
[EventCountry "GER"]
[SourceTitle "CBM 167 Extra"]
[Source "ChessBase"]
[SourceDate "2015.09.14"]
[SourceVersion "1"]
[SourceVersionDate "2015.09.14"]
[SourceQuality "1"]

1. d4 d5 2. c4 e6 3. g3 Nf6 4. Nf3 Be7 5. Bg2 0-0 6. 0-0 dxc4 7. Ne5 Nc6 8. Nxc6 bxc6 9. Bxc6 Rb8 10. Nc3 Nd5 11. e4 Nb4 12. Bb5 Nd3 13. Bxc4 Nxb2 14. Bxb2 Rxb2 15. Qd3 Rb6 16. a4 a6 17. a5 Rd6 18. Rfd1 Bf6 19. d5 c6 20. Ra3 cxd5 21. exd5 Bxc3 22. Qxc3 exd5 23. Qd2 Bg4 24. f3 Be6 25. Rd3 Qc7 26. Bxd5 Qc5+ 27. Kg2 Rfd8 28. Be4 Rxd3 29. Bxd3 g6 30. Qe1 Rd6 31. Rc1 Qg5 32. f4 Qd8 33. Be2 Bd5+ 34. Kg1 Be6 35. Rd1 Rxd1 36. Bxd1 Qd4+ 37. Kg2 Qa1 38. Qd2 Bc4 39. Kf2 h5 40. Be2 Bxe2 41. Kxe2 Qg1 42. Kf3 Qf1+ 43. Ke3 h4 44. Ke4 Qh1+ 45. Ke5 hxg3 46. Qd8+ Kg7 47. Qf6+ Kg8 48. Qd8+ 1/2-1/2

[Event "Leipzig VfB op 22nd"]
[Site "Leipzig"]
[Date "2015.03.05"]
[Round "4"]
[White "Pohl, Gunnar"]
[Black "Hedke, Fred"]
[Result "0-1"]
[WhiteElo "1926"]
[BlackElo "2277"]
[PlyCount "82"]
[EventDate "2015.03.03"]
[EventType "swiss"]
[EventRounds "9"]
[EventCountry "GER"]
[SourceTitle "EXT 2016"]
[Source "ChessBase"]
[SourceDate "2015.10.08"]
[SourceVersion "1"]
[SourceVersionDate "2015.10.08"]
[SourceQuality "1"]

1. d4 d5 2. c4 e6 3. Nc3 Nf6 4. Bg5 Be7 5. Nf3 0-0 6. e3 b6 7. cxd5 exd5 8. Qc2 h6 9. Bh4 Bb7 10. Bd3 Nbd7 11. 0-0 a6 12. Rfd1 Re8 13. Rac1 c6 14. Qe2 Ne4 15. Bxe7 Qxe7 16. Bb1 Rad8 17. Qd3 g6 18. Nd2 Nd6 19. Nf3 Kg7 20. Re1 Ne4 21. Nd2 f5 22. f3 Nxd2 23. Qxd2 Qd6 24. Rcd1 Nf6 25. e4 dxe4 26. fxe4 Ng4 27. g3 c5 28. exf5 Qxd4+ 29. Qxd4+ cxd4 30. Ne2 Bf3 31. Rd2 gxf5 32. h3 Bxe2 33. Rdxe2 Rxe2 34. Rxe2 Ne3 35. Kf2 Kf6 36. Ke1 Rg8 37. Kf2 Ke5 38. Bd3 b5 39. a4 bxa4 40. Bxa6 Rb8 41. Bd3 Rxb2 0-1

[Event "Oberliga Nord W 1314"]
[Site "Germany"]
[Date "2014.04.06"]
[Round "9.1"]
[White "Hedke, Fred"]
[Black "Bode, Wilfried"]
[Result "1/2-1/2"]
[WhiteElo "2300"]
[BlackElo "2329"]
[PlyCount "24"]
[EventDate "2013.10.13"]
[EventType "team-tourn"]
[EventRounds "9"]
[EventCountry "GER"]
[SourceTitle "EXT 2015"]
[Source "ChessBase"]
[SourceDate "2014.11.20"]
[SourceVersion "1"]
[SourceVersionDate "2014.11.20"]
[SourceQuality "1"]
[WhiteTeam "Delmenhorst"]
[BlackTeam "Hameln"]
[WhiteTeamCountry "GER"]
[BlackTeamCountry "GER"]

1. e4 g6 2. d4 Bg7 3. Nc3 d6 4. g3 Nc6 5. Be3 e5 6. dxe5 Nxe5 7. h3 Nf6 8. f4 Ned7 9. Bg2 0-0 10. Nge2 Qe7 11. 0-0 b6 12. Qd2 Rb8 1/2-1/2